000 00621nam a2200193Ia 4500
005 20260429112246.0
008 260429s9999||||xx |||||||||||||| ||und||
020 _a9788171193196
041 _aHindi
082 _a891.433
_bDES
100 _aदेसाई, रणजीत
245 0 _aश्रीमान योगी /
_cरणजीत देसाई
250 _a5th ed.
260 _aप्रयागराज :
_bराधाकृष्ण प्रकाशन,
_c2021.
300 _a991 p.; Hb
650 _aNovel
700 _a वेदलंकार, वेदकुमार
942 _cTB
999 _c53172
_d53172